01117nas a2200241 a 4500001001000000003000900010005001700019008004100036040003000077043000900107130008000116222009600196245005600292260008900348300002500437310001800462362004900480500006200529650007600591651007900667651006500746710006400811000037162DO-SdBNP20240906093729.0110322c19709999dr tr1pdd a0 z0spa d aDO-SdBNPbspacBNPHUerda anwdr0 aBoletín de la Sociedad Dominicana de Geografía (República Dominicana) 0aBoletín de la Sociedad Dominicana de Geografíab(Santo Domingo, República Dominicana)00aBoletín de la Sociedad Dominicana de Geografía. aSanto Domingo, República Dominicana :bSociedad Dominicana de Geografía,c1970-. av.- :bil. ;c23 cm. aCuatrimestral1 aInicia con: Vol. 1 No. 1 (mayo-agosto 1970). aDescripción basada en: Vol. 1 No. 1 (mayo-agosto 1970).24aGeografiazRepública DominicanaxHistoriavPUBLICACIONES PERIÓDICAS 4aRepública DominicanaxDescripciones Y ViajesvPUBLICACIONES PERIÓDICAS 4aRepública DominicanaxHistoriavPUBLICACIONES PERIÓDICAS2 aSociedad Dominicana de Geografía (República Dominicana)